000 00537nam a22001577a 4500
003 OSt
005 20150913154331.0
008 150913b xxu||||| |||| 00| 0 eng d
040 _cRUA
082 _aAGR ម៉ៅ 1996 B016 Or.1
100 _9403
_aម៉ៅ សុវឌ្ឍន៏
245 _aបច្ចេកទេសដាំដុះដំណាំកៅស៊ូនៅក្រុមហ៊ុនចំការកៅស៊ូក្រែង
260 _aPhnom Penh
_bRUA
_c1996
300 _a98p.
_bill.
_c29cm.
942 _2ddc
_cAGR
999 _c383
_d383